000 01301nam a22001937a 4500
003 OSt
005 20220107122850.0
008 190618b xxu||||| |||| 00| 0 eng d
040 _cIIITMK
100 _aVarada S (93617035)
_915869
245 _aSecurity of automated lounge services in airport
300 _aMSC CS 2017-2019
500 _aInternet of Things(IoT) is a network of physical objects, sensors, software and network connectivity that enables these objects to communicate, collect and exchange data. IoT simulators enable users to create and simulate hundreds of virtual connected devices without having to congure and manage physical devices or develop time consuming scripts. The project aims developing a system that can measure and control the environmental conditions of an airport lounge such as temperature, pressure, humidity and light intensity. The project mainly focuses on analysing the power consumption, throughput and end-to-end delay of sensor data transmitted under dierent network protocols supported by Contiki OS and nally identifying the best protocol for data transmission.
502 _bMSC CS
_c2017-2019
_dINT
_eDr Sabu M Thampi
650 _aROUTING PROTOCOL
_915870
650 _aCOOJA SIMULATION
_915871
650 _aINTERNET OF THINGS
_915872
942 _2ddc
_cPR
999 _c6500
_d6500